[Event "American Cup Blitz 2026"]
[Site "Saint Louis USA"]
[Date "2026.03.02"]
[Round "2.14"]
[White "Hong, Andrew"]
[Black "Matviishen, Viktor"]
[Result "1/2-1/2"]
[WhiteTitle "GM"]
[BlackTitle "GM"]
[WhiteElo "2587"]
[BlackElo "2533"]
[WhiteFideId "2099438"]
[BlackFideId "14129850"]
[EventDate "2026.03.02"]

1. d4 Nf6 2. Nc3 d5 3. Bf4 e6 4. e3 Bb4 5. h4 c5 6. Ne2 Ne4 7. a3 Nxc3 8. Nxc3
Bxc3+ 9. bxc3 Qa5 10. Qd2 Nd7 11. h5 h6 12. Bd3 b6 13. c4 Qxd2+ 14. Kxd2 cxd4
15. exd4 dxc4 16. Bxc4 Bb7 17. Bd6 Rc8 18. Bb5 a6 19. Bd3 Rc6 20. Bf4 Nf6 21.
Be5 Ke7 22. Rab1 Rd8 23. f3 Rd7 24. a4 Ne8 25. c3 f6 26. Bg3 Nd6 27. Rb4 a5 28.
Rb3 Nc4+ 29. Ke2 Ba6 30. Rd1 Ra7 31. Kf2 Nd6 32. d5 exd5 33. Bg6 Bc4 34. Rbb1
Kd8 35. Bf4 Re7 36. Be3 Kc7 37. Rd2 b5 38. axb5 Nxb5 39. Bf4+ Kb6 40. Bd3 Ka6
41. Bxc4 dxc4 42. Rd8 Nxc3 43. Rc1 Ne2 44. Re1 Nxf4 45. Rxe7 c3 46. Re1 c2 47.
Rc1 a4 48. Rd4 a3 49. Rxf4 Kb5 50. Ke2 a2 51. Rd4 a1=Q 52. Rxa1 c1=Q 53. Rxc1
Rxc1 54. Rd7 Rc2+ 55. Kf1 Rc5 56. g4 Rg5 57. Kf2 Kc6 58. Ra7 f5 59. gxf5 Rxh5
60. Rxg7 Rxf5 61. Rg6+ Kd5 62. Rxh6 Ke5 63. Ke3 Rf8 64. Rh5+ Ke6 65. Ke4 Ra8 66.
Rh6+ Kf7 67. Rd6 Ra5 68. f4 Rb5 69. Kf3 Ra5 70. Kg4 Rb5 71. Rc6 Ra5 72. Rc7+ Kf6
73. Rc8 Rb5 74. Rf8+ Kg7 75. Rf5 Rb6 76. Rg5+ Kf7 77. Rc5 Ra6 78. Kf5 Rb6 79.
Rc7+ Kf8 80. Ke5 Ke8 81. Rg7 Kf8 82. Rh7 Ke8 83. Kf5 Kf8 84. Kg5 Kg8 85. Rd7 Kf8
86. Rc7 Kg8 87. Kf5 Kf8 88. Ke5 Ke8 89. f5 Kf8 90. Kf4 Ke8 91. Kg5 Kf8 92. Rd7
Ra6 93. Rd8+ Kf7 94. Rh8 Rb6 95. Rh7+ Kf8 96. Kf4 Ra6 97. Rd7 Rb6 98. Ke5 Ra6
99. Rd4 Kf7 100. Rb4 Ra5+ 101. Kf4 Ra6 102. Kg5 Rc6 103. Rb7+ Kf8 104. Rd7 Ra6
105. Rd2 Kf7 106. Kf4 Ra4+ 107. Kg5 Ra6 108. Rh2 Rb6 109. Rh7+ Kf8 110. Rh6 Rxh6
111. Kxh6 Kf7 112. Kg5 Kg7 113. f6+ Kf7 114. Kf5 Kf8 115. Ke6 Ke8 116. f7+ Kf8
117. Kf6 1/2-1/2

[Event "American Cup Blitz 2026"]
[Site "Saint Louis USA"]
[Date "2026.03.02"]
[Round "2.15"]
[White "Tari, Aryan"]
[Black "Pyrih, Roman"]
[Result "1/2-1/2"]
[WhiteTitle "GM"]
[BlackTitle "IM"]
[WhiteElo "2642"]
[BlackElo "2403"]
[WhiteFideId "1510045"]
[BlackFideId "14179156"]
[EventDate "2026.03.02"]

1. e4 c5 2. Nc3 a6 3. f4 b5 4. g3 Bb7 5. Bg2 e6 6. Nh3 Nf6 7. d3 b4 8. Ne2 d5 9.
e5 Nfd7 10. Nf2 Nc6 11. c4 bxc3 12. bxc3 Qc7 13. O-O Be7 14. Rb1 Rb8 15. Be3 O-O
16. Qd2 Rfd8 17. Qc1 Ba8 18. Rxb8 Rxb8 19. g4 Qa5 20. Qc2 d4 21. Bd2 dxc3 22.
Bxc3 Qb5 23. Qd2 Nb6 24. f5 Na4 25. f6 Bf8 26. fxg7 Bxg7 27. Ne4 Nxc3 28. N2xc3
Qb4 29. Nf6+ Kh8 30. Rf4 Nd4 31. Bxa8 Rxa8 32. Kg2 Rb8 33. g5 Qa3 34. Rf2 Nf5
35. Nce4 Rd8 36. Nd6 Nxd6 37. exd6 Rxd6 38. Qb2 Qxb2 39. Rxb2 Bxf6 40. gxf6 h6
41. Rb7 Kg8 42. Ra7 e5 43. Kf3 Rxf6+ 44. Ke4 Rf2 45. Rxa6 Rxh2 46. Kxe5 Kg7 47.
a4 Ra2 48. Rc6 Rxa4 49. Rxc5 Kg6 50. d4 f6+ 51. Ke4 h5 52. Rc1 h4 53. Rg1+ Kh5
54. Rg8 h3 55. Kf5 Kh4 56. d5 h2 57. Rh8+ Kg3 58. d6 Rd4 59. Ke6 f5 60. Ke5 Rd1
61. Rg8+ Kf3 62. Rh8 Kg3 63. Rg8+ Kf3 64. Rh8 Kg2 65. Rg8+ Kf1 66. Rh8 Rd2 67.
Rxh2 Rxh2 68. Kxf5 Rd2 69. Ke6 Rxd6+ 70. Kxd6 1/2-1/2

[Event "American Cup Blitz 2026"]
[Site "Saint Louis USA"]
[Date "2026.03.02"]
[Round "2.16"]
[White "Rosen, Eric"]
[Black "Chirila, Ioan-Cristian"]
[Result "1-0"]
[WhiteTitle "IM"]
[BlackTitle "GM"]
[WhiteElo "2377"]
[BlackElo "2506"]
[WhiteFideId "2032562"]
[BlackFideId "1211668"]
[EventDate "2026.03.02"]

1. d4 Nf6 2. Bf4 d6 3. Nc3 Nbd7 4. Nf3 c6 5. e4 g6 6. Qd2 Bg7 7. h3 O-O 8. e5
Ne8 9. Be2 Qa5 10. Qe3 dxe5 11. dxe5 Nc7 12. O-O Ne6 13. Bg3 Qb6 14. Qxb6 Nxb6
15. Rad1 Bd7 16. a4 a5 17. b3 Rfd8 18. Ne4 Nd5 19. Bc4 Be8 20. Rfe1 Ndf4 21. Bh4
Kf8 22. Neg5 Nxg5 23. Nxg5 h6 24. Nh7+ Kg8 25. Rxd8 Rxd8 26. Bxe7 Rd2 27. Nf6+
Bxf6 28. exf6 Bd7 29. Bd8 Be6 30. Bxa5 Rxc2 31. Bxe6 Nxe6 32. Rd1 Rb2 33. b4 Ra2
34. Rd7 Rxa4 35. Rxb7 c5 36. Rb8+ Kh7 37. Rb5 cxb4 38. Bxb4 g5 39. Be7 Ra1+ 40.
Kh2 Ra2 41. Kg3 Nd4 42. Rb8 Nf5+ 43. Kf3 Nh4+ 44. Kg4 Ng6 45. Kg3 Rc2 46. Rb7
Nh4 47. Bb4 Kg6 48. Be7 Nf5+ 49. Kf3 Rc3+ 50. Ke4 Rc4+ 51. Ke5 Rc2 52. g4 Nh4
53. Rb8 Nf3+ 54. Kd5 Rd2+ 55. Ke4 Nh4 56. Rg8+ Kh7 57. Rg7+ Kh8 58. Rxf7 Rxf2
59. Rf8+ Kh7 60. Ra8 Ng6 61. Ra7 Kg8 62. Kd5 Nf4+ 63. Kd6 Rd2+ 64. Ke5 Rd5+ 65.
Ke4 Rb5 66. Rc7 1-0

[Event "American Cup Blitz 2026"]
[Site "Saint Louis USA"]
[Date "2026.03.02"]
[Round "2.17"]
[White "Putnam, Liam"]
[Black "Kavutskiy, Kostya"]
[Result "1-0"]
[WhiteTitle "IM"]
[BlackTitle "IM"]
[WhiteElo "2485"]
[BlackElo "2330"]
[WhiteFideId "30938279"]
[BlackFideId "2026384"]
[EventDate "2026.03.02"]

1. e4 c5 2. Nf3 e6 3. d4 cxd4 4. Nxd4 Nf6 5. Nc3 Nc6 6. a3 d6 7. Be2 Be7 8. Be3
O-O 9. O-O e5 10. Nf3 h6 11. Qd2 Be6 12. Rad1 Ng4 13. h3 Nxe3 14. Qxe3 a6 15.
Nd5 Re8 16. Rd2 Bf8 17. Rfd1 b5 18. c4 Rb8 19. b4 Qc8 20. cxb5 axb5 21. Nc3 Qa6
22. a4 Nxb4 23. Bxb5 Qa5 24. Bxe8 Rxe8 25. Rb1 Rc8 26. Rdb2 Nd3 27. Qxd3 Rxc3
28. Qd2 Qc7 29. Rb7 Qc5 30. R7b5 Qc7 31. a5 g6 32. a6 Ra3 33. Rb6 Qc5 34. Qb4 d5
35. Qxc5 Bxc5 36. Rb8+ Kg7 37. exd5 Bxd5 38. R8b5 Bxf3 39. Rxc5 Be2 40. Rxe5
Bxa6 41. f3 Bc4 42. Rb7 Kf6 43. Re1 Be6 44. Rb4 h5 45. Kh2 Ra2 46. Rbe4 Rb2 47.
R4e2 Rb3 48. Kg3 Rb4 49. Re3 Rb2 50. R1e2 Rb1 51. h4 Ra1 52. Rb2 Rc1 53. Rb6 Rc4
54. Re4 Rc2 55. Ra6 Rb2 56. Rea4 Rc2 57. Rb6 Rd2 58. Rf4+ Kg7 59. Rfb4 Ra2 60.
Rb2 Ra4 61. R6b4 Ra1 62. Kf4 Kf6 63. g3 Rf1 64. Rb6 Re1 65. R2b4 Rf1 66. Re4 Rf2
67. Ke3 Rf1 68. g4 hxg4 69. fxg4 Re1+ 70. Kf4 Rf1+ 71. Kg3 Rg1+ 72. Kf2 Rh1 73.
Kg3 Rg1+ 74. Kf3 Rf1+ 75. Ke2 Rh1 76. g5+ Kf5 77. Reb4 Rh2+ 78. Kf3 Bd5+ 79. Kg3
Rg2+ 80. Kh3 Rd2 81. Rf6+ Ke5 82. Rbf4 Rd3+ 83. Kh2 Rd2+ 84. Kg1 Rg2+ 85. Kf1
Rh2 86. Ke1 Rh1+ 87. Kd2 Rh3 88. Rb4 Rg3 89. Ra6 Rh3 90. Ra5 Rh2+ 91. Ke1 Rh1+
92. Kf2 Rh2+ 93. Kg3 Rd2 94. Rbb5 Rg2+ 95. Kh3 Rd2 96. Ra7 Rd1 97. Rxf7 Rh1+ 98.
Kg3 Rg1+ 99. Kf2 Rg2+ 100. Kf1 Rg4 101. Rd7 Rd4 102. h5 gxh5 103. g6 Ke6 104.
Rdxd5 Rxd5 105. Rxd5 Kxd5 106. g7 1-0

[Event "American Cup Blitz 2026"]
[Site "Saint Louis USA"]
[Date "2026.03.02"]
[Round "2.18"]
[White "Warmerdam, Max"]
[Black "Boyer, Mahel"]
[Result "1/2-1/2"]
[WhiteTitle "GM"]
[BlackTitle "GM"]
[WhiteElo "2580"]
[BlackElo "2486"]
[WhiteFideId "1048104"]
[BlackFideId "45102422"]
[EventDate "2026.03.02"]

1. c4 e6 2. g3 d5 3. Bg2 d4 4. Nf3 Nc6 5. O-O Nh6 6. Na3 Nf5 7. d3 Bc5 8. Nc2 a5
9. b3 O-O 10. a3 Ra6 11. Bd2 Qe7 12. b4 axb4 13. axb4 Nxb4 14. Bxb4 Bxb4 15.
Rxa6 bxa6 16. Nfxd4 Nxd4 17. Nxd4 Bd7 18. Qc2 e5 19. Nc6 Bxc6 20. Bxc6 g6 21. e3
Rd8 22. Rd1 Qf6 23. Bd5 Kg7 24. d4 exd4 25. Rxd4 c6 26. Qa4 cxd5 27. Qxb4 dxc4
28. Qxc4 Rxd4 29. exd4 a5 30. d5 Qa1+ 31. Kg2 Qe5 32. Qb5 a4 33. Qxa4 Qxd5+ 34.
Kg1 Qe5 35. Kg2 Qd5+ 36. Kg1 Qe5 37. Kg2 Qd5+ 1/2-1/2

[Event "American Cup Blitz 2026"]
[Site "Saint Louis USA"]
[Date "2026.03.02"]
[Round "2.19"]
[White "Stremavicius, Titas"]
[Black "Lee, Alice"]
[Result "0-1"]
[WhiteTitle "GM"]
[BlackTitle "IM"]
[WhiteElo "2547"]
[BlackElo "2399"]
[WhiteFideId "12804444"]
[BlackFideId "30941822"]
[EventDate "2026.03.02"]

1. f4 Nf6 2. Nf3 g6 3. g3 Bg7 4. Bg2 O-O 5. d3 d5 6. O-O c5 7. Nc3 d4 8. Ne4 Qb6
9. h3 Nc6 10. g4 Rd8 11. Kh1 Be6 12. Nfd2 Nb4 13. a3 Nbd5 14. Nc4 Qc7 15. a4
Nxe4 16. Bxe4 Nb6 17. Nd2 Nd5 18. Nc4 Nb6 19. Ne5 Bd5 20. Nf3 Bxe4 21. dxe4 Qc6
22. a5 Nc4 23. Qd3 Nd6 24. e5 Ne4 25. Kg2 c4 26. Qd1 Nc5 27. Qe1 d3 28. exd3
cxd3 29. cxd3 Nb3 30. Ra3 Rxd3 31. Be3 Rc8 32. Rf2 Qd5 33. Bxa7 e6 34. Ra4 Bf8
35. Qe4 Qd7 36. Rc4 Ra8 37. Bb6 Nxa5 38. Bd4 Rxf3 39. Qxf3 Nxc4 40. Bc3 Qd5 41.
Qxd5 Ne3+ 42. Kf3 Nxd5 0-1

[Event "American Cup Blitz 2026"]
[Site "Saint Louis USA"]
[Date "2026.03.02"]
[Round "2.20"]
[White "Bharath, Subramaniyam H"]
[Black "Zatonskih, Anna"]
[Result "1-0"]
[WhiteTitle "GM"]
[BlackTitle "IM"]
[WhiteElo "2595"]
[BlackElo "2328"]
[WhiteFideId "46634827"]
[BlackFideId "14101572"]
[EventDate "2026.03.02"]

1. e4 d5 2. exd5 Qxd5 3. d4 Nf6 4. Nc3 Qd6 5. Nf3 c6 6. Be2 Bg4 7. O-O e6 8. h3
Bh5 9. Be3 Nbd7 10. Qd2 Qc7 11. a4 Bd6 12. a5 O-O 13. a6 b6 14. Ng5 Bxe2 15.
Qxe2 e5 16. Rad1 exd4 17. Bxd4 Rae8 18. Qd3 Be5 19. Be3 Bxc3 20. Qxc3 h6 21. Nf3
Nd5 22. Rxd5 1-0

[Event "American Cup Blitz 2026"]
[Site "Saint Louis USA"]
[Date "2026.03.02"]
[Round "2.21"]
[White "Kiolbasa, Oliwia"]
[Black "Heimann, Mark"]
[Result "1-0"]
[WhiteTitle "IM"]
[BlackTitle "GM"]
[WhiteElo "2397"]
[BlackElo "2511"]
[WhiteFideId "1154613"]
[BlackFideId "2028441"]
[EventDate "2026.03.02"]

1. e4 e5 2. Nf3 Nc6 3. Nc3 Nf6 4. h3 Bb4 5. a3 Bxc3 6. dxc3 d6 7. Bd3 h6 8. Qe2
Be6 9. Be3 d5 10. Bb5 dxe4 11. Nxe5 Qd5 12. Nxc6 bxc6 13. c4 Qd6 14. Rd1 cxb5
15. Rxd6 cxd6 16. cxb5 O-O 17. O-O d5 18. Bd4 Nd7 19. Qe3 Rfc8 20. Bxa7 Rxc2 21.
b6 Rxb2 22. Qc1 Rb3 23. Qc6 Re8 24. b7 d4 25. Bxd4 Rb8 26. a4 R8xb7 27. a5 R7b4
28. Be3 Rc4 29. Qd6 Ra4 30. a6 Rba3 31. a7 Rxa7 32. Bxa7 Rxa7 33. Qd4 Ra5 34.
Qxe4 Rg5 35. Kh2 Nf6 36. Qd4 Bd5 37. g3 Kh7 38. Re1 Be6 39. Re5 Rg6 40. f4 Bc8
41. Qc4 Be6 42. Qc7 Nd7 43. Rxe6 Rxe6 44. Qxd7 Kg8 45. f5 Rf6 46. g4 Kh7 47. Kg3
Kg8 48. Qd8+ Kh7 49. Kf4 Ra6 50. Qd7 f6 51. h4 Ra1 52. Qb5 Kg8 53. Qd5+ Kh7 54.
Qd3 Ra4+ 55. Kg3 Ra5 56. Qb3 Re5 57. Kf4 Re1 58. Qc4 Rh1 59. Kg3 Rg1+ 60. Kf2
Rh1 61. Kg3 Rg1+ 62. Kh2 Rb1 63. Qf7 Rb2+ 64. Kg3 Rc2 65. g5 hxg5 66. hxg5 Rc3+
67. Kg4 Rc6 68. g6+ Kh6 69. Qg8 Rc8 70. Qh7# 1-0

[Event "American Cup Blitz 2026"]
[Site "Saint Louis USA"]
[Date "2026.03.02"]
[Round "2.22"]
[White "Kacharava, Nikolozi"]
[Black "Wang, Tianqi"]
[Result "1-0"]
[WhiteTitle "GM"]
[BlackTitle "IM"]
[WhiteElo "2501"]
[BlackElo "2331"]
[WhiteFideId "13611860"]
[BlackFideId "2063824"]
[EventDate "2026.03.02"]

1. b3 e5 2. Bb2 Nc6 3. e3 d5 4. Bb5 Ne7 5. Bxe5 a6 6. Bxc6+ Nxc6 7. Bb2 d4 8.
Nf3 Bc5 9. O-O Bg4 10. exd4 Nxd4 11. Qe1+ Be6 12. Nxd4 Bxd4 13. Bxd4 Qxd4 14.
Nc3 O-O-O 15. d3 Rhe8 16. Qd2 h5 17. Rae1 Bf5 18. Rxe8 Rxe8 19. Re1 Re6 20. Rxe6
Bxe6 21. h3 h4 22. a4 g5 23. Ne2 Qa1+ 24. Qc1 Qe5 25. Qe3 Qf6 26. Nd4 Bd7 27.
Nf3 g4 28. hxg4 Bxg4 29. Qe8+ Qd8 30. Qxf7 h3 31. Qf4 Bd7 32. Ne5 Be6 33. g4 Kb8
34. Kh2 Qd5 35. Qe4 Qc5 36. d4 Qc3 37. f3 Bc8 38. Kxh3 Qd2 39. Kg3 a5 40. c4 Qc1
41. d5 Qb2 42. g5 Qxb3 43. g6 Qd1 44. Ng4 Qa1 45. Qe5 Qb1 46. g7 Qg6 47. Qf6 Qe8
48. Ne5 1-0

[Event "American Cup Blitz 2026"]
[Site "Saint Louis USA"]
[Date "2026.03.02"]
[Round "2.23"]
[White "Budisavljevic, Luka"]
[Black "Abrahamyan, Tatev"]
[Result "1-0"]
[WhiteTitle "GM"]
[BlackTitle "IM"]
[WhiteElo "2501"]
[BlackElo "2379"]
[WhiteFideId "960047"]
[BlackFideId "13301918"]
[EventDate "2026.03.02"]

1. d4 Nf6 2. Nf3 g6 3. c4 Bg7 4. Nc3 d6 5. e4 O-O 6. Be2 Na6 7. Bf4 c6 8. O-O
Nh5 9. Bg5 h6 10. Be3 e5 11. Qd2 Kh7 12. dxe5 dxe5 13. c5 Be6 14. Qxd8 Rfxd8 15.
Rfd1 Nb4 16. Ne1 Nf4 17. Bf1 Rxd1 18. Rxd1 Nxa2 19. Nxa2 Bxa2 20. g3 Ne6 21. Ra1
Bb3 22. Ra3 Bd1 23. f3 Nd4 24. Kf2 Bf8 25. b4 a6 26. Bxd4 exd4 27. Bc4 Kg7 28.
Ra1 a5 29. Rxd1 axb4 30. Nd3 Ra5 31. Rb1 Bxc5 32. Nxc5 Rxc5 33. Rxb4 b5 34. Bd3
Rc3 35. Rxd4 c5 36. Rd5 b4 37. e5 c4 38. Be4 b3 39. Rd7 b2 40. e6 Kf8 41. Rxf7+
Ke8 42. Bc6+ 1-0

[Event "American Cup Blitz 2026"]
[Site "Saint Louis USA"]
[Date "2026.03.02"]
[Round "2.24"]
[White "Atwell, Rose"]
[Black "Celik, Hasan Huseyin"]
[Result "0-1"]
[WhiteTitle "FM"]
[BlackTitle "IM"]
[WhiteElo "2337"]
[BlackElo "2495"]
[WhiteFideId "30951011"]
[BlackFideId "44506759"]
[EventDate "2026.03.02"]

1. d4 Nf6 2. c4 e6 3. g3 Bb4+ 4. Bd2 Qe7 5. Bg2 O-O 6. Nf3 Bxd2+ 7. Nbxd2 d6 8.
O-O e5 9. Nb1 e4 10. Ne1 Bf5 11. Nc3 Nc6 12. Nc2 Bg6 13. Qd2 Qd7 14. d5 Ne5 15.
b3 Rfe8 16. Rad1 h5 17. h4 Neg4 18. e3 Ne5 19. Nd4 Bf5 20. Ra1 Bh3 21. Nxe4 Nxe4
22. Bxe4 Bxf1 23. Rxf1 Nxc4 24. Qc2 Ne5 25. Rc1 g6 26. Kg2 Ng4 27. Bf3 Rac8 28.
e4 Nf6 29. Qd3 a6 30. a4 Qe7 31. Qe3 Qe5 32. Re1 c5 33. dxc6 bxc6 34. Qd3 d5 35.
Bd1 dxe4 36. Qc4 Qd5 37. Qc3 c5 38. Nc2 Qe5 39. Qc4 Qe6 40. Qc3 Nd5 41. Qc4 Nb4
42. Qc3 Nd3 43. Re3 Rcd8 44. Be2 Qf5 45. f3 exf3+ 46. Bxf3 Rxe3 47. Nxe3 Qe6 48.
Qd2 Nf4+ 0-1

[Event "American Cup Blitz 2026"]
[Site "Saint Louis USA"]
[Date "2026.03.02"]
[Round "2.25"]
[White "Mikaelyan, Arman"]
[Black "Li, Rachael"]
[Result "1/2-1/2"]
[WhiteTitle "GM"]
[BlackTitle "WIM"]
[WhiteElo "2494"]
[BlackElo "2358"]
[WhiteFideId "13304852"]
[BlackFideId "30929849"]
[EventDate "2026.03.02"]

1. d4 d5 2. Nf3 Nf6 3. c4 e6 4. Nc3 c6 5. g3 Nbd7 6. Bg2 dxc4 7. O-O Be7 8. a4
Qa5 9. e4 b5 10. e5 Nd5 11. Ne4 b4 12. Bg5 O-O 13. Bxe7 Nxe7 14. Qc2 Ba6 15.
Nfg5 Ng6 16. h4 h6 17. h5 Ne7 18. Bh3 Qd5 19. Rad1 Rfd8 20. Bg2 Qa5 21. Nh3 Nf8
22. Nf4 Nf5 23. Ne2 Qb6 24. Nc5 Nxd4 25. Nxd4 Qxc5 26. Nxc6 Rxd1 27. Rxd1 Rc8
28. Nd4 Rc7 29. Qe4 Bb7 30. Qe3 Bxg2 31. Kxg2 Rd7 32. Rd2 Rd5 33. Kf1 c3 34.
bxc3 bxc3 35. Rd3 c2 36. Nxc2 Qxc2 37. Rxd5 exd5 38. Qxa7 Qd1+ 39. Kg2 d4 40. a5
d3 41. a6 d2 42. Qd4 Qe2 43. a7 d1=Q 44. Qxd1 Qxd1 45. a8=Q Qxh5 46. Qe8 Qf5 47.
f4 Qe6 48. Qd8 Qd7 49. Qb8 Qd5+ 50. Kf2 Qd2+ 51. Kf3 Qd3+ 52. Kf2 Qd4+ 53. Kf3
Qd5+ 54. Kf2 Qe6 55. Kf3 Qc6+ 56. Kf2 Qc5+ 57. Kf3 Kh7 58. Qe8 Qd5+ 59. Kf2 Ng6
60. Ke3 Qc5+ 61. Kf3 Qc3+ 62. Kf2 h5 63. Qxf7 Qd2+ 64. Kf1 Qd3+ 65. Kf2 Qd4+ 66.
Kg2 h4 67. Qf5 Qd5+ 68. Kh2 hxg3+ 69. Kxg3 Qb3+ 70. Kf2 Qb6+ 71. Kf1 Qb5+ 72.
Kf2 Qc5+ 73. Kf3 Qc6+ 74. Kg3 Kg8 75. Qg5 Qc3+ 76. Kg4 Qc8+ 77. Kg3 Qc3+ 78. Kg4
Qc8+ 79. Kg3 Qe6 80. Qd8+ Kh7 81. Qg5 Kg8 82. Qd8+ Kf7 83. Qg5 Ne7 84. Kf2 Nf5
85. Qh5+ Kg8 86. Qg5 Qa2+ 87. Ke1 Qb1+ 88. Kd2 Qb2+ 89. Ke1 Qc1+ 90. Ke2 Qc3 91.
Kf2 Qe3+ 92. Kf1 Qf3+ 93. Ke1 Qg3+ 94. Qxg3 Nxg3 95. Kf2 Nf5 96. Kf3 Kf7 97. Kg4
Kg6 98. Kf3 Kf7 99. Kg4 Ke6 100. Kg5 Ne7 101. Kg4 Kd5 102. Kf3 Kd4 103. Kg4 Ke4
104. Kg5 Kd5 105. Kg4 Ke6 106. Kg5 Kd5 107. Kg4 Kd4 108. Kg5 Ke4 109. Kg4 Ng6
110. f5 Nxe5+ 111. Kg5 Kd5 112. f6 gxf6+ 113. Kxf6 1/2-1/2

[Event "American Cup Blitz 2026"]
[Site "Saint Louis USA"]
[Date "2026.03.02"]
[Round "2.26"]
[White "Boros, Denes"]
[Black "Tang, Zoey"]
[Result "1/2-1/2"]
[WhiteTitle "GM"]
[BlackTitle "FM"]
[WhiteElo "2371"]
[BlackElo "2356"]
[WhiteFideId "722340"]
[BlackFideId "30952530"]
[EventDate "2026.03.02"]

1. d4 Nf6 2. Bf4 g6 3. Nf3 Bg7 4. c3 O-O 5. Nbd2 d6 6. e3 Nbd7 7. Bc4 Nh5 8. Bg5
c5 9. O-O a6 10. a4 b6 11. Re1 Bb7 12. e4 h6 13. Bh4 Nf4 14. h3 Nf6 15. d5 Qd7
16. Bg3 N6h5 17. Bh2 f5 18. e5 dxe5 19. Nxe5 Qd6 20. Nc6 Kh7 21. Nf3 Rfe8 22.
Qb3 Bxc6 23. dxc6 Qxc6 24. Bf7 Rf8 25. Rxe7 Nxh3+ 26. gxh3 Qxf3 27. Bd5 Qxh3 28.
Bxa8 Rxa8 29. Qd5 Rf8 30. Rae1 f4 31. Qg2 Qf5 32. Qe4 Qg4+ 33. Kh1 Nf6 34. Qg2
Qf5 35. R7e5 Qd7 36. f3 Nd5 37. R5e4 Ne3 38. Qe2 Qh3 39. Rg1 Nf5 40. Rxf4 g5 41.
Rfg4 Nh4 42. Qe4+ Kh8 43. R4g3 Qd7 44. Rf1 Re8 45. Qg4 Qe7 46. Rgg1 Qe2 47. Bg3
Ng6 48. Rf2 Qe7 49. Rh2 Qf7 50. Qh5 Kg8 51. Rf2 Re3 52. Rd1 Re8 53. Qg4 Be5 54.
Re1 Bxg3 55. Rxe8+ Qxe8 56. Qxg3 Qxa4 57. Qb8+ Kg7 58. Qc7+ Kg8 59. Qd8+ Kg7 60.
Qc7+ Kg8 61. Qxb6 Qd1+ 62. Kh2 Nf4 63. Qxh6 Qd5 64. Qf6 c4 65. Qd4 Qe6 66. Rd2
Qh3+ 67. Kg1 Qg3+ 68. Kf1 Qxf3+ 69. Kg1 Ne2+ 70. Rxe2 Qxe2 71. Qd8+ Kf7 72. Qd5+
Kg6 73. Qd6+ Kh5 74. Qxa6 Kh4 75. Qh6+ Kg4 76. Qc6 Qd1+ 77. Kg2 Qc2+ 78. Kg1
Qc1+ 79. Kh2 Qxb2+ 80. Kg1 Qc1+ 81. Kh2 Qd2+ 82. Kg1 Qe1+ 83. Kg2 Qxc3 84. Qe4+
Kh5 85. Qh7+ Kg4 86. Qe4+ Kh5 87. Qh7+ 1/2-1/2

[Event "American Cup Blitz 2026"]
[Site "Saint Louis USA"]
[Date "2026.03.02"]
[Round "2.27"]
[White "Sukandar, Irine Kharisma"]
[Black "Raja, Harshit"]
[Result "1-0"]
[WhiteTitle "IM"]
[BlackTitle "GM"]
[WhiteElo "2330"]
[BlackElo "2472"]
[WhiteFideId "7101937"]
[BlackFideId "5089000"]
[EventDate "2026.03.02"]

1. d4 Nf6 2. Bf4 d6 3. Nc3 g6 4. e4 Bg7 5. Qd2 c6 6. O-O-O b5 7. f3 Nbd7 8. Bh6
Bxh6 9. Qxh6 e5 10. h4 Bb7 11. dxe5 dxe5 12. g4 b4 13. Nce2 Qa5 14. Kb1 O-O-O
15. g5 Nh5 16. Bh3 Qc7 17. Bg4 Kb8 18. Nh3 Ba6 19. Nc1 Nf4 20. Nxf4 exf4 21.
Bxd7 Rxd7 22. Rxd7 Qxd7 23. Qg7 Rd8 24. Qf6 Qc7 25. e5 Bb7 26. Qxf4 c5 27. Re1
Rd4 28. Qf6 Rxh4 29. f4 Bd5 30. Rd1 Be6 31. Nb3 Kb7 32. Nd2 Bd5 33. Qh8 Rxf4 34.
Qxh7 Qxe5 35. Nb3 c4 36. Nc5+ Kc6 37. Qg8 Kxc5 38. Qc8+ Bc6 39. Qf8+ Kb5 40. a3
a5 41. axb4 axb4 42. Qc8 Qc5 43. Qb8+ Qb6 44. Qxf4 b3 45. Qe5+ Ka6 46. Qd4 bxc2+
47. Kxc2 Ba4+ 48. Kc1 Bxd1 49. Qxc4+ Ka5 50. Qc3+ Ka6 51. Qd3+ Ka7 52. Qd7+ Ka6
53. Qd3+ Ka7 54. Qa3+ Kb7 55. Qe7+ Ka6 56. Kxd1 Qd4+ 57. Kc1 Qc4+ 58. Kb1 Qf1+
59. Kc2 Qf5+ 60. Kc1 Qf1+ 61. Kc2 Qf5+ 62. Kc1 Kb5 63. Qb7+ Kc5 64. Qe7+ Kd4 65.
Kd2 Qf2+ 66. Kc1 Qf1+ 67. Kd2 Qf4+ 68. Kc2 Qf5+ 69. Kc1 Kd5 70. Kd2 Qf4+ 71. Kc3
Qc4+ 72. Kd2 Qd4+ 73. Kc2 Qf2+ 74. Kc3 Qf3+ 75. Kc2 Qf5+ 76. Kc3 Qf3+ 77. Kb4
Qf4+ 78. Ka3 Qf3+ 79. b3 Qf5 80. Ka4 Qg4+ 81. b4 Qd1+ 82. Ka5 Qa1+ 83. Kb5 Qf1+
84. Kb6 Kc4 85. Qc5+ Kb3 86. b5 Qf4 87. Ka7 Qa4+ 88. Kb7 Qe4+ 89. Kb6 Ka4 90.
Ka7 Qe6 91. b6 Qd7+ 92. b7 Kb3 93. Ka8 1-0

[Event "American Cup Blitz 2026"]
[Site "Saint Louis USA"]
[Date "2026.03.02"]
[Round "2.28"]
[White "Yu, Jennifer"]
[Black "Munkhdalai, Amilal"]
[Result "0-1"]
[WhiteTitle "FM"]
[BlackTitle "IM"]
[WhiteElo "2299"]
[BlackElo "2455"]
[WhiteFideId "2078341"]
[BlackFideId "4903250"]
[EventDate "2026.03.02"]

1. Nf3 Nf6 2. g3 b5 3. Bg2 Bb7 4. O-O e6 5. d3 c5 6. e4 d6 7. Nbd2 Be7 8. a4 b4
9. b3 Nfd7 10. Bb2 O-O 11. d4 cxd4 12. Nxd4 Nc6 13. Nc4 Nce5 14. Ne3 a6 15. f4
Nc6 16. e5 d5 17. Kh1 Nxd4 18. Bxd4 Qc7 19. Qh5 Bc5 20. Rad1 Qb6 21. Bxc5 Qxc5
22. Rd3 a5 23. f5 Nxe5 24. f6 gxf6 25. Ng4 Nxg4 26. Qxg4+ Kh8 27. Rxf6 Qxc2 28.
Rdf3 Qd1+ 29. Bf1 d4 30. Kg1 Bxf3 31. Rxf3 Qd2 32. Rf2 Qe3 33. Qh4 Qe5 34. Bd3
Qg7 35. Rf6 Rac8 36. Rh6 f5 37. Qf4 e5 38. Qh4 e4 39. Bc4 Rxc4 40. bxc4 d3 41.
Rd6 b3 42. Rd8 b2 0-1

[Event "American Cup Blitz 2026"]
[Site "Saint Louis USA"]
[Date "2026.03.02"]
[Round "2.29"]
[White "Kuru, Atilla"]
[Black "Apaar Saxena"]
[Result "1-0"]
[WhiteTitle "IM"]
[BlackTitle "FM"]
[WhiteElo "2450"]
[BlackElo "2263"]
[WhiteFideId "51607948"]
[BlackFideId "25937219"]
[EventDate "2026.03.02"]

1. e4 e5 2. Nf3 Nc6 3. Bc4 Bc5 4. c3 Nf6 5. d4 exd4 6. e5 d5 7. Bb5 Ne4 8. cxd4
Bb6 9. Nc3 O-O 10. Be3 Bg4 11. h3 Bh5 12. Rc1 Ne7 13. g4 Bg6 14. h4 Nxc3 15.
bxc3 Be4 16. Rh3 f6 17. exf6 Rxf6 18. h5 c6 19. Bd3 Bc7 20. Ng5 Bxd3 21. Qxd3
Rh6 22. Kd2 Qd7 23. f3 Rf8 24. Re1 Nc8 25. Kc2 Bf4 26. Bxf4 Rxf4 27. Rh2 Nd6 28.
Rhe2 Rf8 29. Re7 Qd8 30. Kb1 Nc4 31. Ka1 Qb6 32. Qe2 Rhf6 33. Qc2 Rh6 34. f4 Qa5
35. Rxg7+ Kxg7 36. Re7+ Kg8 37. Rxh7 Rhf6 38. Rh8+ 1-0

[Event "American Cup Blitz 2026"]
[Site "Saint Louis USA"]
[Date "2026.03.02"]
[Round "2.30"]
[White "Cervantes Landeiro, Thalia"]
[Black "Bilovil, Bogdan"]
[Result "0-1"]
[WhiteTitle "FM"]
[BlackTitle "IM"]
[WhiteElo "2247"]
[BlackElo "2446"]
[WhiteFideId "3520498"]
[BlackFideId "14168766"]
[EventDate "2026.03.02"]

1. d4 d5 2. c4 e6 3. Nc3 Nf6 4. cxd5 exd5 5. Bg5 c6 6. e3 Be6 7. Bd3 Nbd7 8.
Nge2 h6 9. Bh4 g5 10. Bg3 Nh5 11. Qc2 Nxg3 12. Nxg3 Qc7 13. h4 gxh4 14. Rxh4
O-O-O 15. O-O-O Be7 16. Rhh1 Kb8 17. Bf5 Bg5 18. f4 Bxf4 19. exf4 Qxf4+ 20. Kb1
Qxg3 21. Bxe6 fxe6 22. Rde1 Rde8 23. Na4 Qd6 24. Nc5 Nxc5 25. dxc5 Qg3 26. Ref1
Rhf8 27. a3 Qg5 28. Ka2 e5 29. Qh7 d4 30. Rxf8 Rxf8 31. Rxh6 Qg8+ 32. Qxg8 Rxg8
33. Re6 Rg5 34. Re7 a5 35. Kb3 Ka7 36. a4 Rg3+ 37. Kc4 d3 38. Kc3 Rxg2 39. Rxe5
Rc2+ 40. Kxd3 Rxb2 41. Re4 Rb1 42. Kc3 Kb8 43. Re8+ Kc7 44. Re7+ Kc8 45. Re8+
Kd7 46. Ra8 Kc7 47. Rxa5 Kb8 48. Kc2 Rb4 49. Kc3 Rh4 50. Kb3 Rf4 51. Kc3 Rf3+
52. Kc4 Rf1 53. Kc3 Rf8 54. Kb4 Kc7 55. Ra7 Rh8 56. Kb3 Kb8 57. Ra5 Rh4 58. Kc3
Rg4 59. Kb3 Rg5 60. Kb4 Rd5 61. Kc4 b6 62. Ra6 Rxc5+ 63. Kb4 Kb7 0-1